Catálogo público

El ensilaje / por Stephen John Watson (Record no. 216896)

MARC details
000 -CABECERA
campo de control de longitud fija 00646nam a2200241Ia 4500
001 - NÚMERO DE CONTROL
campo de control Z_3085
003 - IDENTIFICADOR DEL NÚMERO DE CONTROL
campo de control OSt
005 - FECHA Y HORA DE LA ÚLTIMA TRANSACCIÓN
campo de control 20221017220157.0
008 - DATOS DE LONGITUD FIJA--INFORMACIÓN GENERAL
campo de control de longitud fija 220601s9999 xx 000 0 und d
040 ## - FUENTE DE LA CATALOGACIÓN
Centro catalogador/agencia de origen CHAP
Normas de descripción RCAA2
082 ## - NÚMERO DE LA CLASIFICACIÓN DECIMAL DEWEY
Número de clasificación 636.085 W38y
100 0# - ENTRADA PRINCIPAL--NOMBRE DE PERSONA
Nombre de persona Watson, Stephen John
9 (RLIN) 121213
245 ## - MENCIÓN DE TÍTULO
Título El ensilaje / por Stephen John Watson
260 ## - PUBLICACIÓN, DISTRIBUCIÓN, ETC.
Lugar de publicación, distribución, etc. México, D. F. : CECSA
300 ## - DESCRIPCIÓN FÍSICA
Extensión 183 p. : ilus.
500 ## - NOTA GENERAL
Nota general Trad. De : Silage
503 ## - NOTA DE HISTORIA BIBLIOGRÁFICA (BK CF MU) [OBSOLETO]
Nota de historia bibliográfica 52396- 402
650 ## - PUNTO DE ACCESO ADICIONAL DE MATERIA--TÉRMINO DE MATERIA
Término de materia o nombre geográfico como elemento de entrada 1. EnsilajeÌ
9 (RLIN) 180113
901 ## - ELEMENTOS DE DATOS A LOCAL LDA (RLIN)
a 636.085 W38y
902 ## - ELEMENTOS DE DATOS B LOCAL, LDB (RLIN)
a A
905 ## - ELEMENTOS DE DATOS E LOCAL, LDE (RLIN)
a 0000001963 0000000000 00
942 ## - ELEMENTOS DE PUNTO DE ACCESO ADICIONAL (KOHA)
Tipo de ítem Koha Libro_
Fuente del sistema de clasificación o colocación Dewey Decimal Classification
Holdings
Estado de retiro Estado de pérdida Fuente del sistema de clasificación o colocación Estado dañado No para préstamo Código de colección Localización permanente Ubicación/localización actual Ubicación en estantería Fecha de adquisición Total de préstamos Código de barras Fecha visto por última vez Número de copia Precio válido a partir de Tipo de ítem Koha Fecha del último préstamo
    Dewey Decimal Classification     General Zootecnia Zootecnia   09/11/2005   z_4610 02/06/2022 1 02/06/2022 Libro  
    Dewey Decimal Classification     General Zootecnia Zootecnia   09/11/2005   z_3443 02/06/2022 1 02/06/2022 Libro  
    Dewey Decimal Classification     General Zootecnia Zootecnia   09/11/2005   z_3444 02/06/2022 1 02/06/2022 Libro  
    Dewey Decimal Classification     General Zootecnia Zootecnia   09/11/2005   z_3445 02/06/2022 1 02/06/2022 Libro  
    Dewey Decimal Classification     General Zootecnia Zootecnia   09/11/2005   z_3446 02/06/2022 1 02/06/2022 Libro  
    Dewey Decimal Classification     General Zootecnia Zootecnia   09/11/2005   z_3447 02/06/2022 1 02/06/2022 Libro  
    Dewey Decimal Classification     General Zootecnia Zootecnia   09/11/2005 2 z_3448 21/10/2024 1 02/06/2022 Libro 21/10/2024
    Dewey Decimal Classification     General Zootecnia Zootecnia   09/11/2005   z_3449 02/06/2022 1 02/06/2022 Libro  
    Dewey Decimal Classification     General Zootecnia Zootecnia   09/11/2005 1 z_3450 18/05/2023 1 02/06/2022 Libro 18/05/2023
    Dewey Decimal Classification     General Zootecnia Zootecnia   09/11/2005   z_3451 02/06/2022 1 02/06/2022 Libro